<?xml version="1.0" encoding="UTF-8"?>
<marc:record xmlns:marc="http://www.loc.gov/MARC21/slim">
   <marc:leader>00000nam a2200000 a 4500</marc:leader>
   <marc:datafield ind1="1" ind2=" " tag="100">
      <marc:subfield code="a">Mennuti, Aly</marc:subfield>
      <marc:subfield code="4">aut</marc:subfield>
      <marc:subfield code="e">Verfasser/-in</marc:subfield>
   </marc:datafield>
   <marc:datafield ind1="1" ind2=" " tag="100">
      <marc:subfield code="a">Bauche-Eppers, Eva</marc:subfield>
      <marc:subfield code="4">trl</marc:subfield>
      <marc:subfield code="e">Übersetzer/-in</marc:subfield>
   </marc:datafield>
   <marc:datafield ind1="0" ind2="0" tag="245">
      <marc:subfield code="a">Aber der Sex war gut</marc:subfield>
   </marc:datafield>
   <marc:datafield ind1="0" ind2="0" tag="245">
      <marc:subfield code="b">Roman</marc:subfield>
   </marc:datafield>
   <marc:datafield ind1="0" ind2="0" tag="245">
      <marc:subfield code="c">Aly Mennuti</marc:subfield>
   </marc:datafield>
   <marc:datafield ind1=" " ind2="1" tag="264">
      <marc:subfield code="a">Köln</marc:subfield>
      <marc:subfield code="b">Lübbe</marc:subfield>
      <marc:subfield code="c">2021</marc:subfield>
   </marc:datafield>
   <marc:datafield ind1="1" ind2=" " tag="520">
      <marc:subfield code="a">Annie Shepherd ist eine der bekanntesten Autorinnen der Welt, ihre TRUST ME-Reihe verkauft sich millionenfach. Doch Annie hat auch ein sorgsam gehütetes Geheimnis, das ans Licht zu kommen droht, als ihr Freund, der preisgekrönte Literaturprofessor Joe Duke, überraschend stirbt. Um sich zu retten, muss sie sich mit ihrem größten Feind verbünden: dem Literaturagenten Henry Higgins. Der kommt ihr nicht gerade bereitwillig zu Hilfe, aber auch er hat alles zu verlieren. Und jeder weiß: Was sich neckt, das lernt sich lieben ... Oder doch nicht?</marc:subfield>
   </marc:datafield>
   <marc:datafield ind1=" " ind2=" " tag="020">
      <marc:subfield code="a">9783785727669</marc:subfield>
      <marc:subfield code="9">9783785727669</marc:subfield>
   </marc:datafield>
   <marc:datafield ind1=" " ind2=" " tag="020">
      <marc:subfield code="a">3785727666</marc:subfield>
      <marc:subfield code="9">3785727666</marc:subfield>
   </marc:datafield>
   <marc:datafield ind1=" " ind2=" " tag="300">
      <marc:subfield code="a">476 Seiten</marc:subfield>
   </marc:datafield>
</marc:record>
